Trh s mliekom a mliečnymi výrobkami a jeho prognóza do roku 2020

Analýza a prognóza situácie na svetovom, vnútroúnijnom a slovenskom trhu s mliekom a mliečnymi výrobkami v období rokov 2007- 2020. Akcent sa kladie na vývoj základných bilančných ukazovateľov (produkcia, spotreba, dovoz, vývoz) a cien.

Enregistré dans:
Détails bibliographiques
Auteur principal: Matošková, Dagmar
Autres auteurs: Gálik, Jozef
Format: Chapitre de livre
Langue:slovaque
Sujets:
Tags: Ajouter un tag
Pas de tags, Soyez le premier à ajouter un tag!

MARC

LEADER 00000nla a2200000 4500
001 0224613
005 20240417075109.4
041 0 |a slo 
044 |a SK 
245 1 0 |a Trh s mliekom a mliečnymi výrobkami a jeho prognóza do roku 2020  |c Dagmar Matošková, Jozef Gálik 
520 |a Analýza a prognóza situácie na svetovom, vnútroúnijnom a slovenskom trhu s mliekom a mliečnymi výrobkami v období rokov 2007- 2020. Akcent sa kladie na vývoj základných bilančných ukazovateľov (produkcia, spotreba, dovoz, vývoz) a cien. 
610 2 0 |a mlieko 
610 2 0 |a výrobky 
610 2 0 |a trh spoločný 
610 2 0 |a trh svetový 
610 2 0 |a trh domáci 
610 2 0 |a spotreba 
610 2 0 |a ceny 
610 2 0 |a dovoz 
610 2 0 |a vývoz 
610 2 0 |a prognózy dlhodobé 
610 2 0 |a Slovensko 
100 1 |a Matošková, Dagmar 
700 1 |a Gálik, Jozef